00903cam a2200217 a 450000500170000000800410001701000140005802000260007202000230009803500130012103700130013404000080014724500600015526000480021530000300026352002430029360000570053660000540059365100250064770000130067220080104121344.0061003s2006 ii a b 001 0deng  aENG-95525 a9780198062790c195.00 a0198062796c195.00 aEN-79058 bDBAD/PUB aDPL aThe Partial Memoirs of V.K.R.V, Raocedited by S.L. Rao aNew Delhi :bOxford University Press,c2009 axi, 178 p. :c22 cm.(Pbk) aOn the works and friendship between Rabindranath Tagore, 1861-1941, Bengali and English author and Kakuzō Okakura, 1862-1913, Japanese author with special reference to the depiction of Asia, nationalism, and civilization in their works. aTagore, Rabindranath,xCriticism and interpretation. aOkakura, Kakuzō,xCriticism and interpretation. aAsiaxIn literature. aRao,V.K.